000
00251nam a2200109Ia 4500
008
220204s9999 xx 000 0 und d
082
_a
82-3
_b
STE
100
_a
Stearn, Kelly
245
0
_a
Lovin' feelings
260
_a
London
_b
Allen
_c
1983
942
_c
BK
999
_c
38760
_d
38760